Free trade in Latin America: a successful way out of a crisis?
Od začiatku 90. rokov takmer všetky krajiny Latinskej Ameriky prechádzajú v svojej stratégii od protekcionizmu k voľnému obchodu. Historický prehľad plánov kontinentu na regionálnu ekonomickú integráciu, ktoré všetky skončili neúspechom. Analýza súčasných stratégií týchto krajín na zavedenie voľného...
Guardado en:
| Autor principal: | |
|---|---|
| Formato: | Capítulo de libro |
| Lenguaje: | inglés |
| Materias: | |
| Etiquetas: |
Sin Etiquetas, Sea el primero en etiquetar este registro!
|
MARC
| LEADER | 00000naa a2200000 4500 | ||
|---|---|---|---|
| 001 | r007186 | ||
| 005 | 20221130103327.2 | ||
| 041 | 0 | |a eng | |
| 044 | |a DE | ||
| 245 | 1 | 0 | |a Free trade in Latin America: a successful way out of a crisis? |c D. Brand |
| 520 | |a Od začiatku 90. rokov takmer všetky krajiny Latinskej Ameriky prechádzajú v svojej stratégii od protekcionizmu k voľnému obchodu. Historický prehľad plánov kontinentu na regionálnu ekonomickú integráciu, ktoré všetky skončili neúspechom. Analýza súčasných stratégií týchto krajín na zavedenie voľného obchodu a ich vyhliadok na úspech. Prehľad integračných skupín latinskoamerických štátov, ktoré vznikli v období r. 1960-1980. | ||
| 610 | 2 | 0 | |a obchod voľný |
| 610 | 2 | 0 | |a Latinská Amerika |
| 610 | 2 | 0 | |a integrácia ekonomická medzinárodná |
| 610 | 2 | 0 | |a regióny |
| 610 | 2 | 0 | |a dejiny hospodárske |
| 610 | 2 | 0 | |a stratégia hospodárska |
| 610 | 2 | 0 | |a 1960-1980 |
| 100 | 1 | |a Brand, D. | |